| 000 | 01074nam a2200253 a 4500 | ||
|---|---|---|---|
| 001 | 39210 | ||
| 003 | BD-RjUL | ||
| 005 | 20211209052936.0 | ||
| 008 | 160405s2012 bg a|||e |||| 00| 0 ben d | ||
| 020 |
_a9840750062 _c: TK. 140.00 |
||
| 035 | _a(BD-RjUL)39322 | ||
| 040 |
_aBD-RjUL _bben _cBD-RjUL |
||
| 041 | _aben | ||
| 082 |
_223 _bHOB 2012 _a954.9205 |
||
| 100 |
_aহোদা, মো. কামরুল _9120921 |
||
| 245 | 1 | 0 |
_aবাংলাদেশের মুক্তিযুদ্ধের ইতিহাস : _bউৎস অনুসন্ধান / _cমো. কামরুল হোদা |
| 260 |
_aঢাকা : _bবাংলা একাডেমী, _c২০১২ |
||
| 300 |
_a১২, ১৯২ পৃ. : _bচিত্র ; _c২১ সেমি. |
||
| 490 |
_aবাএ : _v৪৯৮৮ |
||
| 504 | _aগ্রন্থপঞ্জি সম্বলিত | ||
| 650 |
_aবাংলাদেশ _xইতিহাস _yবিপ্লব,১৯৭১ _9120922 |
||
| 650 |
_aBangladesh _xHistory _yRevolution,1971 _9118262 |
||
| 942 |
_2ddc _cBK _03 |
||
| 999 |
_c39210 _d39210 |
||